000 00777nam a22002417a 4500
003 DO-SdBNP
005 20260302114334.0
007 ta
008 210917b 2018 dr 00| 0 eng d
020 _a9789945893175
040 _aDO-SdBNP
_bspa
_cBNPHU
082 4 _aBNPHU
_bA185n
100 1 _aAcosta Cuevas, Ariel,
_d1935-
_912029
245 1 _aNeyba :
_btemas culturales e históricos /
_cAriel Acosta Cuevas ; prólogo Teófilo Lappot Robles
260 _aSanto Domingo :
_bAmigo del Hogar,
_c2018.
300 _a300 p. ;
_c23 cm.
500 _aIncluye datos biográficos del autor en las solapas
504 _aBibliografías : p. 297-300
590 _aInventariado, 2021/BT
700 1 2 _aLappot Robles, Teófilo,
_eprólogo
_979945
910 _aBtavárez
942 _2ddc
_cLBS1
999 _c50569
_d50569